<?xml version="1.0" encoding="UTF-8"?>
<record
    xmlns:xsi="http://www.w3.org/2001/XMLSchema-instance"
    xsi:schemaLocation="http://www.loc.gov/MARC21/slim http://www.loc.gov/standards/marcxml/schema/MARC21slim.xsd"
    xmlns="http://www.loc.gov/MARC21/slim">

  <leader>00785naa a22001577i 4500</leader>
  <controlfield tag="001">9413</controlfield>
  <controlfield tag="003">KOSZ 005</controlfield>
  <controlfield tag="005">20180328103726.0</controlfield>
  <controlfield tag="008">180328s2009    pl  |||f| ||||1|| ||pol </controlfield>
  <datafield tag="040" ind1=" " ind2=" ">
    <subfield code="c">KOSZ 005/HR</subfield>
    <subfield code="a">KOSZ 005/HR</subfield>
  </datafield>
  <datafield tag="100" ind1=" " ind2=" ">
    <subfield code="a">NADOLNY, Krzysztof.</subfield>
    <subfield code="d">2006 - .</subfield>
    <subfield code="b">Politechnika Koszali&#x144;ska - Wydzia&#x142; Mechaniczny,</subfield>
    <subfield code="c">Katedra In&#x17C;ynierii Produkcji</subfield>
  </datafield>
  <datafield tag="245" ind1="1" ind2="0">
    <subfield code="a">Koncepcja modernizacji proces&#xF3;w logistycznych z wykorzystaniem zarz&#x105;dzania wiedz&#x105; na przyk&#x142;adzie przedsi&#x119;biorstwa us&#x142;ugowo-produkcyjnego /</subfield>
    <subfield code="c">Daniel Wilczy&#x144;ski, Krzysztof Nadolny.</subfield>
  </datafield>
  <datafield tag="655" ind1=" " ind2="0">
    <subfield code="a">Materia&#x142;y konferencyjne.</subfield>
  </datafield>
  <datafield tag="773" ind1="0" ind2=" ">
    <subfield code="i">W :</subfield>
    <subfield code="t">Zarz&#x105;dzanie wiedz&#x105; a inne koncepcje zarz&#x105;dzania : problemy integracji. -</subfield>
    <subfield code="d">Wroc&#x142;aw: Wydaw. Uniwersytetu Ekonomicznego, 2009. -</subfield>
    <subfield code="z">9788370119867 </subfield>
  </datafield>
  <datafield tag="942" ind1=" " ind2=" ">
    <subfield code="c">ROZ</subfield>
    <subfield code="2">UKD</subfield>
  </datafield>
  <datafield tag="999" ind1=" " ind2=" ">
    <subfield code="c">9413</subfield>
    <subfield code="d">9413</subfield>
  </datafield>
</record>
